10 to 1: Product Brands III Quiz Stats

 Plays Quiz Updated Nov 14, 2017

Score 0/55 Timer 06:00
25 Plays Today
% Correct
Crocs
97.3%
Skechers
94.6%
Reebok
93.8%
New Balance
91.4%
The Cheesecake Factory
91.1%
Vans
90.7%
Pedigree
90.4%
Samsung
90.2%
Dove
90.2%
Buffalo Wild Wings
90.1%
Nokia
89.6%
Netflix
89.2%
Old Spice
88.8%
Apple
88.6%
Purina
88.2%
Motorola
88%
Olive Garden
88%
Red Lobster
87.8%
Texas Roadhouse
87.7%
Yamaha
87%
HBO Go
87%
Bonefish Grill
86.8%
Keds
86.8%
Honda
85.9%
Kawasaki
85.7%
Axe
85.4%
P.F. Chang's
85%
Iams
85%
% Correct
Johnnie Walker
84.7%
Gillette
83.5%
Secret
83.4%
Hulu
82.9%
Cracker Barrel
81.8%
Royal Canin
81.6%
Jameson
80.9%
La-Z-Boy
80.7%
Hush Puppies
80.5%
Degree
79.9%
Sure
79.4%
Natural Balance
77.2%
Canadian Club
77%
Samsonite
74.7%
Blue Buffalo
72.6%
Seagram's
71%
Ericsson
70.7%
Nutro
67.9%
Ethan Allen
66.7%
Bushmills
65.7%
Eukanuba
65.3%
Huawei
61.8%
Florsheim
60%
Thom McAn
59%
Kinney
47.3%
Hills
42%
Garelli
41.7%

You're not logged in!

Compare scores with friends on all Sporcle quizzes.
OR
Log In

You Might Also Like...

Show Comments

Extras

Top Quizzes Today


Score Distribution

Your Account Isn't Verified!

In order to create a playlist on Sporcle, you need to verify the email address you used during registration. Go to your Sporcle Settings to finish the process.

Report this User

Report this user for behavior that violates our Community Guidelines.

Details: